| 000 | 00793nam a2200205 a 4500 | ||
|---|---|---|---|
| 003 | 0 | ||
| 005 | 20250515131044.0 | ||
| 008 | 090729s19uu xx 00 eng d | ||
| 050 |
_aPGS LB 3430 _b.V712 2001 |
||
| 100 | _aVilla, Geo D. | ||
| 245 |
_aCommon problems of grade 6 students of Southville International School, School Year 2000-2001 / _cGeo D. Villa. |
||
| 260 |
_aLas PiƱas City, Philippines : _bSouthville International School and Colleges, _c2001. |
||
| 300 |
_a19 pages : _billustrations ; _c28 cm. |
||
| 504 | _aIncludes bibliographical references. | ||
| 650 |
_aSchool children _vMental health. |
||
| 650 | _aAdjustment (Psychology) in children. | ||
| 650 | _aProblem solving in children. | ||
| 650 |
_aSixth grade (Education) _vPsychological aspects. |
||
| 942 |
_2lcc _cPASS |
||
| 999 |
_c98313 _d98313 |
||